000 00526nam a2200169Ia 4500
003 GCL
008 140319s9999 xx 000 0 eng d
040 _aGCL /
_cGCL
082 0 4 _a320.540962
_bG R
100 1 _aGERSHONI, ISRAEL
245 1 0 _aREDEFUNING THE EGYPTIAN NATION 1930 - 1945 /
_cGERSHONI, ISRAEL
700 1 _aPANKOWSKI, JAMES P
260 _a[S.N] :
_bCAMBRIDGE MIDDLE EAST STUDIES 2 ،
_c1995
650 0 4 _aNATIONALISM-EGYPT-HISTORY-20TH
650 0 4 _aEGYPT - POLITICS AND GOVERNMENT - 1952
942 _2ddc
_cBK
999 _c13297
_d13297